| 000 | 01013 a2200253 4500 | ||
|---|---|---|---|
| 005 | 20080924111043.0 | ||
| 008 | 080924t xxu||||| |||| 00| 0 eng d | ||
| 010 | _aENG-91113 | ||
| 020 |
_a9788190618434 _c980.00 |
||
| 035 | _aEN-74646 | ||
| 037 | _bDBAD / PUB | ||
| 040 |
_adpl _bEnglish |
||
| 082 | _a658.4 | ||
| 100 | _aPrusty, Twinkle | ||
| 245 |
_aCorporate governance compliance in Indain industries: _cby Twinkle Prusty _ba case study / |
||
| 260 |
_aNew Delhi _bRegal Publications _c2008 |
||
| 270 |
_aF-159, Rajouri Garden _bNew Delhi _e110 027 _k011-45546396 _mregalbookspub@yahoo.com |
||
| 300 |
_axx, 301 p. _c23 cm. (Hb.) |
||
| 500 | _aIncludes bibliographical references and index | ||
| 650 |
_aCorporate governance _zIndia |
||
| 650 |
_aCorporatations _zIndia |
||
| 942 |
_adpl _cEN _2ddc _mPRU _h658.4 |
||
| 999 |
_c16168 _d16168 |
||